=LDR 00000nam 2200000 4500 =001 INLIS000000000040508 =005 20130612150055 =008 ***********************************ind** =035 ##$$0010-061300000040508 =041 ##$$a ind =082 ##$$a 786.2 =090 ##$$a 786.2, Put d.1 =100 ##$$a PUTERI, Nova Dahani =245 ##$$a Duet piano dan violin jilid 4, Nova dahani putri =260 ##$$a 2009 $b Yogyakarta =300 ##$$a 17 Hlm, Ilus, 30 cm. =650 ##$$a MUSIK PIANO =850 ##$$a NBPNMAT =990 ##$$a 0001/BPAP-NTB/2016